[Event "Madrid-ch 2020-2021 - Final"]
[Site "Madrid ESP"]
[Date "2021.05.25"]
[Round "4.7"]
[White "Candela Perez, Jose"]
[Black "Almagro Llamas, Pablo"]
[Result "1/2-1/2"]
[WhiteElo "2328"]
[BlackElo "2424"]
[PlyCount "96"]
[EventDate "2021.05.22"]
[EventType "swiss"]
[EventRounds "7"]
[EventCountry "ESP"]
[SourceTitle "Ajedrez en Madrid"]
[Source "lmi"]
[SourceDate "2021.05.23"]
[SourceVersion "1"]
[SourceVersionDate "2021.05.29"]
[SourceQuality "1"]

1. d4 Nf6 2. c4 e6 3. Nf3 b6 4. a3 Bb7 5. Nc3 d5 6. cxd5 Nxd5 7. Qc2 Nxc3 8.
bxc3 Be7 9. e4 O-O 10. Bd3 c5 11. O-O Qc7 12. Qe2 Nd7 13. Be3 Rac8 14. a4 Rfd8
15. Rfb1 Nb8 16. Ne5 Bd6 17. Nf3 cxd4 18. cxd4 Nc6 19. Rc1 Qb8 20. Ba6 Be7 21.
Bxb7 Qxb7 22. h3 Bf6 23. Qb2 Na5 24. Nd2 h6 25. Rxc8 Rxc8 26. Rc1 Rxc1+ 27.
Qxc1 Qd7 28. Nf3 Qxa4 29. Qc8+ Kh7 30. Qc7 Qe8 31. d5 exd5 32. exd5 Bd8 33. Qc8
Qe7 34. Bf4 Nb7 35. Qc6 Nc5 36. d6 Qe4 37. Qxe4+ Nxe4 38. Nd4 g5 39. Bh2 Nc5
40. Nc6 Bf6 41. Nxa7 Kg8 42. Nb5 Kf8 43. Nc7 Nd7 44. Kf1 Be5 45. Bxe5 Nxe5 46.
Ke2 Nc4 47. Nd5 Nxd6 48. Nxb6 Ke7 1/2-1/2

[Event "Madrid-ch 2020-2021 - Final"]
[Site "Madrid ESP"]
[Date "2021.05.25"]
[Round "4.8"]
[White "Hernandez Ramos, David"]
[Black "Perez Gonzalez, Daniel"]
[Result "1-0"]
[WhiteElo "2101"]
[BlackElo "2056"]
[PlyCount "61"]
[EventDate "2021.05.22"]
[EventType "swiss"]
[EventRounds "7"]
[EventCountry "ESP"]
[SourceTitle "Ajedrez en Madrid"]
[Source "lmi"]
[SourceDate "2021.05.23"]
[SourceVersion "1"]
[SourceVersionDate "2021.05.29"]
[SourceQuality "1"]

1. d4 Nf6 2. c4 c5 3. d5 b5 4. cxb5 a6 5. bxa6 Bxa6 6. Nc3 d6 7. e4 Bxf1 8.
Kxf1 g6 9. g3 Bg7 10. Kg2 O-O 11. Nf3 Nbd7 12. Re1 Qa5 13. a4 Rfb8 14. Bd2 Qb6
15. Nb5 Qb7 16. Bc3 c4 17. Nbd4 Nc5 18. Nc6 Re8 19. Nd2 Nd3 20. Re2 Qa6 21. Re3
Ng4 22. Qxg4 Nxb2 23. Bxg7 Kxg7 24. Rc3 e6 25. Rc2 exd5 26. exd5 Nxa4 27. Rxc4
Qb5 28. Qd4+ Kh6 29. Raxa4 Rac8 30. Nf3 Qb1 31. Qf6 1-0

[Event "Madrid-ch 2020-2021 - Final"]
[Site "Madrid ESP"]
[Date "2021.05.25"]
[Round "4.9"]
[White "Cabañas Bravo, Juan Andres"]
[Black "Quispe Arteaga, Gabriel"]
[Result "0-1"]
[WhiteElo "1948"]
[BlackElo "2386"]
[PlyCount "116"]
[EventDate "2021.05.22"]
[EventType "swiss"]
[EventRounds "7"]
[EventCountry "ESP"]
[SourceTitle "Ajedrez en Madrid"]
[Source "lmi"]
[SourceDate "2021.05.23"]
[SourceVersion "1"]
[SourceVersionDate "2021.05.29"]
[SourceQuality "1"]

1. e4 c5 2. Nf3 Nc6 3. d4 cxd4 4. Nxd4 Nf6 5. Nc3 e6 6. Ndb5 Bb4 7. Bf4 O-O 8.
Bc4 Qe7 9. Bd6 Bxd6 10. Qxd6 Ne8 11. Qxe7 Nxe7 12. O-O-O f5 13. f3 fxe4 14.
fxe4 Ng6 15. h4 Ne5 16. Be2 a6 17. Nd4 Nf6 18. Rhg1 b5 19. Nf3 Nfg4 20. Nxe5
Nxe5 21. Rgf1 Bb7 22. a3 Rf6 23. Rxf6 gxf6 24. Kd2 Kf7 25. Ke3 Rd8 26. Bf3 Ke7
27. b3 Rc8 28. Kd2 f5 29. Re1 Kf6 30. Nd1 Rg8 31. Ke3 fxe4 32. Bxe4 Bxe4 33.
Kxe4 Rg4+ 34. Ke3 Rxg2 35. Rf1+ Ke7 36. c3 h5 37. Rf4 Rg3+ 38. Ke2 Ng6 39. Rf3
Rxf3 40. Kxf3 Nxh4+ 41. Kf4 Nf5 42. Nf2 d5 43. Nd3 h4 44. Kg4 Kd6 45. b4 Ne3+
46. Kxh4 Nd1 47. Nc5 Nxc3 48. Nxa6 Nb1 49. Kg4 Nxa3 50. Kf4 Nc4 51. Kf3 e5 52.
Kf2 d4 53. Nc5 Kd5 54. Nd7 d3 55. Nc5 e4 56. Na6 e3+ 57. Kf3 d2 58. Nc7+ Kc6
0-1

[Event "Madrid-ch 2020-2021 - Final"]
[Site "Madrid ESP"]
[Date "2021.05.25"]
[Round "4.10"]
[White "Fernandez Rosado, Roberto"]
[Black "Elissalt Cardenas, Hector"]
[Result "1/2-1/2"]
[WhiteElo "2029"]
[BlackElo "2281"]
[PlyCount "115"]
[EventDate "2021.05.22"]
[EventType "swiss"]
[EventRounds "7"]
[EventCountry "ESP"]
[SourceTitle "Ajedrez en Madrid"]
[Source "lmi"]
[SourceDate "2021.05.23"]
[SourceVersion "1"]
[SourceVersionDate "2021.05.29"]
[SourceQuality "1"]

1. e4 d6 2. d4 Nf6 3. Nc3 e5 4. Nf3 Nbd7 5. Bc4 Be7 6. O-O h6 7. a4 c6 8. Re1
Qc7 9. h3 g5 10. Ba2 Nf8 11. Qd3 Ng6 12. Qc4 Bd8 13. dxe5 dxe5 14. Be3 O-O 15.
Bc5 Be7 16. Bxe7 Qxe7 17. Qe2 Kh7 18. Nh2 Nf4 19. Qe3 Rg8 20. Ne2 h5 21. Nxf4
gxf4 22. Qc3 Nd7 23. Nf3 Rg7 24. Kh1 a5 25. Rad1 f6 26. Qd2 Nc5 27. Qd8 Nd7 28.
Rxd7 Qxd7 29. Qxf6 Rg6 30. Qxg6+ Kxg6 31. Nxe5+ Kf6 32. Nxd7+ Bxd7 33. Rd1 Ke7
34. f3 h4 35. Kg1 Rh8 36. Kf2 Rh5 37. Bb3 Rg5 38. Rd4 Re5 39. c3 b5 40. Rd2 Be8
41. axb5 cxb5 42. Bd5 Kd6 43. Bf7+ Kc5 44. Bxe8 Rxe8 45. Rd5+ Kc4 46. b3+ Kxb3
47. Rxb5+ Ka4 48. Rb1 Rc8 49. Ra1+ Kb5 50. Ra3 Ra8 51. Ke2 Kc4 52. Kd2 a4 53.
Kc2 Kb5 54. Ra1 Rg8 55. Rb1+ Kc5 56. Ra1 Kb5 57. Kd3 Rd8+ 58. Ke2 1/2-1/2

[Event "Madrid-ch 2020-2021 - Final"]
[Site "Madrid ESP"]
[Date "2021.05.25"]
[Round "4.11"]
[White "Pindado Campos, Raul"]
[Black "Vukotic Jovsic, Dragan"]
[Result "1-0"]
[WhiteElo "2152"]
[BlackElo "1859"]
[PlyCount "113"]
[EventDate "2021.05.22"]
[EventType "swiss"]
[EventRounds "7"]
[EventCountry "ESP"]
[SourceTitle "Ajedrez en Madrid"]
[Source "lmi"]
[SourceDate "2021.05.23"]
[SourceVersion "1"]
[SourceVersionDate "2021.05.29"]
[SourceQuality "1"]

1. d4 e6 2. c4 d5 3. Nf3 Be7 4. g3 Nf6 5. Bg2 O-O 6. O-O c6 7. Qc2 Nbd7 8. Nbd2
b6 9. Rd1 Bb7 10. e4 dxe4 11. Nxe4 Nxe4 12. Qxe4 Nf6 13. Qc2 Qc7 14. Bf4 Bd6
15. Bxd6 Qxd6 16. c5 Qc7 17. Rac1 b5 18. a4 a6 19. b4 Nd5 20. Ng5 g6 21. Qb3
Bc8 22. a5 Qe7 23. f4 Bd7 24. Re1 h6 25. Nf3 Kg7 26. Ne5 f6 27. Nd3 Qf7 28. Bh3
Rae8 29. Rf1 e5 30. Bxd7 Qxd7 31. dxe5 Ne3 32. Rf3 Qd4 33. Nf2 Nc4 34. Rd3 Qb2
35. Qxb2 Nxb2 36. Rd7+ Rf7 37. exf6+ Kxf6 38. Ng4+ Kg7 39. Rxf7+ Kxf7 40. Ne5+
Kf6 41. Rb1 Na4 42. Nxc6 g5 43. Rf1 g4 44. Ne5 h5 45. Rc1 Ke6 46. Rc2 Kd5 47.
Kf2 Kd4 48. c6 Nc3 49. Rd2+ Ke4 50. Nd3 Rc8 51. Nc5+ Kf5 52. Rd3 Ne4+ 53. Nxe4
Kxe4 54. Rc3 Rc7 55. Rc5 h4 56. gxh4 Kxf4 57. h5 1-0

[Event "Madrid-ch 2020-2021 - Final"]
[Site "Madrid ESP"]
[Date "2021.05.25"]
[Round "4.12"]
[White "Demerson Joly, Javier"]
[Black "Rojas Pozo, Jose Luis"]
[Result "1-0"]
[WhiteElo "1959"]
[BlackElo "1875"]
[PlyCount "81"]
[EventDate "2021.05.22"]
[EventType "swiss"]
[EventRounds "7"]
[EventCountry "ESP"]
[SourceTitle "Ajedrez en Madrid"]
[Source "lmi"]
[SourceDate "2021.05.23"]
[SourceVersion "1"]
[SourceVersionDate "2021.05.29"]
[SourceQuality "1"]

1. c4 e6 2. e4 d5 3. exd5 exd5 4. cxd5 Nf6 5. Bb5+ Nbd7 6. Nc3 Be7 7. Nf3 O-O
8. O-O Nb6 9. d4 Nbxd5 10. Re1 c6 11. Bc4 Nb6 12. Bb3 Bg4 13. h3 Bh5 14. g4 Bg6
15. Ne5 Nfd5 16. f4 f5 17. g5 Kh8 18. Bxd5 cxd5 19. Nxg6+ hxg6 20. h4 Qd6 21.
Kg2 Rae8 22. h5 a6 23. Re5 Bd8 24. Qe2 Rxe5 25. dxe5 Qc6 26. e6 Re8 27. hxg6
Rxe6 28. Qh5+ Kg8 29. Qh7+ Kf8 30. Qh8+ Ke7 31. Qxg7+ Kd6 32. Kg3 Kc5 33. Qf8+
Be7 34. Qxf5 Rxg6 35. Be3+ Kb4 36. Bxb6 Rd6 37. Bd4 Re6 38. Nxd5+ Ka4 39. b3+
Ka3 40. Nxe7 Rxe7 41. Qc5+ 1-0

[Event "Madrid-ch 2020-2021 - Final"]
[Site "Madrid ESP"]
[Date "2021.05.26"]
[Round "5.1"]
[White "Martin Duque, Jesus"]
[Black "Martinez Reyes, Pedro Ramon"]
[Result "1/2-1/2"]
[WhiteElo "2432"]
[BlackElo "2408"]
[PlyCount "63"]
[EventDate "2021.05.22"]
[EventType "swiss"]
[EventRounds "7"]
[EventCountry "ESP"]
[SourceTitle "Ajedrez en Madrid"]
[Source "lmi"]
[SourceDate "2021.05.23"]
[SourceVersion "1"]
[SourceVersionDate "2021.05.29"]
[SourceQuality "1"]

1. e4 e6 2. d4 d5 3. Nd2 c5 4. exd5 Qxd5 5. Ngf3 cxd4 6. Bc4 Qd6 7. O-O Nf6 8.
Nb3 Nc6 9. Nbxd4 Nxd4 10. Nxd4 Be7 11. c3 O-O 12. Qf3 Qc7 13. Bb3 Bd7 14. Bg5
a5 15. a4 Nd5 16. Bxe7 Nxe7 17. Rfe1 Rad8 18. Qh5 Ng6 19. Bc2 Bc6 20. Nxc6 bxc6
21. Rad1 c5 22. Bxg6 hxg6 23. Qh4 Qb6 24. Rxd8 Rxd8 25. Qe7 Rb8 26. h3 Qc6 27.
b3 c4 28. Rd1 cxb3 29. Rd8+ Rxd8 30. Qxd8+ Kh7 31. Qh4+ Kg8 32. Qd8+ 1/2-1/2

[Event "Madrid-ch 2020-2021 - Final"]
[Site "Madrid ESP"]
[Date "2021.05.26"]
[Round "5.2"]
[White "Mkrtchyan, Levon"]
[Black "Ortega Ruiz, Jose Miguel"]
[Result "1/2-1/2"]
[WhiteElo "2230"]
[BlackElo "2253"]
[PlyCount "103"]
[EventDate "2021.05.22"]
[EventType "swiss"]
[EventRounds "7"]
[EventCountry "ESP"]
[SourceTitle "Ajedrez en Madrid"]
[Source "lmi"]
[SourceDate "2021.05.23"]
[SourceVersion "1"]
[SourceVersionDate "2021.05.29"]
[SourceQuality "1"]

1. e4 e5 2. Nf3 Nc6 3. Bc4 Bc5 4. c3 Nf6 5. d4 exd4 6. b4 Bb6 7. e5 d5 8. exf6
dxc4 9. Qe2+ Be6 10. b5 Na5 11. fxg7 Rg8 12. cxd4 Qf6 13. Bb2 Qxg7 14. d5 Qxg2
15. Rf1 O-O-O 16. dxe6 Rge8 17. e7 Rd6 18. Ne5 Re6 19. f4 Qxe2+ 20. Kxe2 f6 21.
Nd2 fxe5 22. fxe5 R6xe7 23. Rf4 c6 24. Nxc4 Nxc4 25. Rxc4 Bc7 26. bxc6 b5 27.
Re4 Bxe5 28. Bxe5 Rxe5 29. Rxe5 Rxe5+ 30. Kd3 Rc5 31. a4 b4 32. a5 Kc7 33. Rb1
Rc3+ 34. Kd4 Rh3 35. Rxb4 Rh4+ 36. Kc3 Rxb4 37. Kxb4 Kxc6 38. Kc4 a6 39. h4 h5
40. Kd4 Kb5 41. Kd5 Kxa5 42. Kc5 Ka4 43. Kc4 Ka3 44. Kc3 Ka2 45. Kb4 Kb2 46.
Ka5 Kc3 47. Kxa6 Kd4 48. Kb5 Ke4 49. Kc4 Kf4 50. Kd3 Kg4 51. Ke2 Kxh4 52. Kf1
1/2-1/2

[Event "Madrid-ch 2020-2021 - Final"]
[Site "Madrid ESP"]
[Date "2021.05.26"]
[Round "5.3"]
[White "Martinez Fernandez, Raul"]
[Black "Centeno Mendoza, Julio Stefano"]
[Result "1-0"]
[WhiteElo "2141"]
[BlackElo "2012"]
[PlyCount "49"]
[EventDate "2021.05.22"]
[EventType "swiss"]
[EventRounds "7"]
[EventCountry "ESP"]
[SourceTitle "Ajedrez en Madrid"]
[Source "lmi"]
[SourceDate "2021.05.23"]
[SourceVersion "1"]
[SourceVersionDate "2021.05.29"]
[SourceQuality "1"]

1. e4 e5 2. Nf3 Nc6 3. Bc4 Bc5 4. c3 Nf6 5. d4 exd4 6. cxd4 Bb4+ 7. Nc3 Nxe4 8.
O-O Bxc3 9. d5 Ne5 10. bxc3 Nxc4 11. Qd4 O-O 12. Qxe4 Nd6 13. Qf4 Re8 14. Ba3
Re4 15. Qg3 Nb5 16. Ng5 Ra4 17. Qd3 Qxg5 18. Rae1 Qd8 19. Be7 Qe8 20. Qxb5 Ra6
21. d6 cxd6 22. Bxd6 Qd8 23. Qg5 f6 24. Qd5+ Kh8 25. Qf7 1-0

[Event "Madrid-ch 2020-2021 - Final"]
[Site "Madrid ESP"]
[Date "2021.05.26"]
[Round "5.4"]
[White "Rodriguez Avila, Alvaro"]
[Black "Moreno Ruiz, Javier"]
[Result "0-1"]
[WhiteElo "1966"]
[BlackElo "2426"]
[PlyCount "62"]
[EventDate "2021.05.22"]
[EventType "swiss"]
[EventRounds "7"]
[EventCountry "ESP"]
[SourceTitle "Ajedrez en Madrid"]
[Source "lmi"]
[SourceDate "2021.05.23"]
[SourceVersion "1"]
[SourceVersionDate "2021.05.29"]
[SourceQuality "1"]

1. e4 e5 2. Nf3 Nc6 3. Bb5 a6 4. Ba4 Nf6 5. O-O Be7 6. Re1 b5 7. Bb3 d6 8. c3
O-O 9. h3 Nb8 10. d4 Nbd7 11. Nbd2 Bb7 12. Bc2 Re8 13. Nf1 Bf8 14. Ng3 g6 15.
a4 c5 16. axb5 axb5 17. Bg5 h6 18. Bd2 Rxa1 19. Qxa1 Qc7 20. dxe5 Nxe5 21. Nxe5
dxe5 22. Qc1 h5 23. Bg5 Nh7 24. Be3 Be7 25. Rd1 h4 26. Nf1 Nf6 27. Nd2 Rd8 28.
Bg5 Nh5 29. Nf3 Nf4 30. Rxd8+ Bxd8 31. Bxh4 Ne2+ 0-1

[Event "Madrid-ch 2020-2021 - Final"]
[Site "Madrid ESP"]
[Date "2021.05.26"]
[Round "5.5"]
[White "Quispe Arteaga, Gabriel"]
[Black "Hernandez Ramos, David"]
[Result "1-0"]
[WhiteElo "2386"]
[BlackElo "2101"]
[PlyCount "89"]
[EventDate "2021.05.22"]
[EventType "swiss"]
[EventRounds "7"]
[EventCountry "ESP"]
[SourceTitle "Ajedrez en Madrid"]
[Source "lmi"]
[SourceDate "2021.05.23"]
[SourceVersion "1"]
[SourceVersionDate "2021.05.29"]
[SourceQuality "1"]

1. c4 e6 2. Nf3 f5 3. b3 Nf6 4. Bb2 c6 5. e3 d5 6. Be2 Bd6 7. h3 Qe7 8. Qc2 a5
9. Nc3 Na6 10. Na4 Bc7 11. a3 Nc5 12. Nxc5 Qxc5 13. g4 Qe7 14. Rg1 f4 15. Bd3
fxe3 16. dxe3 O-O 17. Ne5 Ne4 18. Bxe4 dxe4 19. Qxe4 Qh4 20. Rf1 c5 21. Rd1 a4
22. Nd7 Re8 23. Nxc5 axb3 24. Ke2 Rb8 25. Nxb3 b5 26. cxb5 Bb7 27. Qd4 Re7 28.
Nc5 Rd8 29. Qc3 Bg2 30. Rxd8+ Bxd8 31. Rg1 Qxh3 32. Qd4 Ba5 33. Rxg2 Qxg2 34.
Qe4 Qxe4 35. Nxe4 Rd7 36. a4 Kf8 37. Bd4 g6 38. g5 Bd8 39. f4 Kf7 40. Nc5 Rd5
41. Nd3 Bc7 42. b6 Bb8 43. Be5 Rd8 44. a5 Ke8 45. a6 1-0

[Event "Madrid-ch 2020-2021 - Final"]
[Site "Madrid ESP"]
[Date "2021.05.26"]
[Round "5.6"]
[White "Almagro Llamas, Pablo"]
[Black "Rey Martinez, Jaime"]
[Result "1-0"]
[WhiteElo "2424"]
[BlackElo "1992"]
[PlyCount "91"]
[EventDate "2021.05.22"]
[EventType "swiss"]
[EventRounds "7"]
[EventCountry "ESP"]
[SourceTitle "Ajedrez en Madrid"]
[Source "lmi"]
[SourceDate "2021.05.23"]
[SourceVersion "1"]
[SourceVersionDate "2021.05.29"]
[SourceQuality "1"]

1. d4 d5 2. c4 dxc4 3. Nf3 Nf6 4. e3 e6 5. Bxc4 c5 6. O-O Nc6 7. a3 a6 8. dxc5
Qxd1 9. Rxd1 Bxc5 10. b4 Ba7 11. Bb2 b5 12. Be2 Bb7 13. Nbd2 Ke7 14. Nb3 Rhd8
15. Ne1 g6 16. Nd3 Nd7 17. Rac1 f6 18. Bf3 Rac8 19. Kf1 Ba8 20. Ke2 Nb6 21.
Ndc5 Nc4 22. Bc3 N6e5 23. Bxa8 Rxa8 24. Rxd8 Rxd8 25. Nxa6 Bb6 26. Na5 Ra8 27.
Bxe5 Bxa5 28. bxa5 Rxa6 29. Bc3 Nxa5 30. Rb1 Nc6 31. Rxb5 e5 32. Bb2 Ke6 33.
Kd3 Ra4 34. Kc2 g5 35. Kb3 Rh4 36. h3 g4 37. hxg4 Rh2 38. Kc4 Rxg2 39. Rb6 Kd7
40. f3 e4 41. f4 Kc7 42. Rb5 Rxg4 43. Bxf6 Rg1 44. Kd5 Na7 45. Be5+ Kc8 46.
Rb8+ 1-0

[Event "Madrid-ch 2020-2021 - Final"]
[Site "Madrid ESP"]
[Date "2021.05.26"]
[Round "5.7"]
[White "Suarez Uriel, Adrian"]
[Black "Candela Perez, Jose"]
[Result "1-0"]
[WhiteElo "2364"]
[BlackElo "2328"]
[PlyCount "57"]
[EventDate "2021.05.22"]
[EventType "swiss"]
[EventRounds "7"]
[EventCountry "ESP"]
[SourceTitle "Ajedrez en Madrid"]
[Source "lmi"]
[SourceDate "2021.05.23"]
[SourceVersion "1"]
[SourceVersionDate "2021.05.29"]
[SourceQuality "1"]

1. e4 c5 2. Nf3 d6 3. d4 cxd4 4. Nxd4 Nf6 5. Nc3 a6 6. h4 b5 7. a4 b4 8. Nd5
Nxd5 9. exd5 Bb7 10. Bc4 Nd7 11. a5 Qc7 12. Nc6 Bxc6 13. dxc6 Ne5 14. Bb3 Nxc6
15. Be3 e6 16. Bb6 Qb7 17. Qg4 h5 18. Qg3 Rh6 19. O-O-O Rg6 20. Qf3 Rg4 21.
Rhe1 Be7 22. Rxe6 fxe6 23. Bxe6 Bf6 24. Rxd6 Rxh4 25. g3 Rh2 26. Bd5 Ne5 27.
Re6+ Qe7 28. Rxe7+ Bxe7 29. Qf5 1-0

[Event "Madrid-ch 2020-2021 - Final"]
[Site "Madrid ESP"]
[Date "2021.05.26"]
[Round "5.8"]
[White "Elissalt Cardenas, Hector"]
[Black "Rottenwohrer Suarez, Juan"]
[Result "1-0"]
[WhiteElo "2281"]
[BlackElo "2196"]
[PlyCount "69"]
[EventDate "2021.05.22"]
[EventType "swiss"]
[EventRounds "7"]
[EventCountry "ESP"]
[SourceTitle "Ajedrez en Madrid"]
[Source "lmi"]
[SourceDate "2021.05.23"]
[SourceVersion "1"]
[SourceVersionDate "2021.05.29"]
[SourceQuality "1"]

1. d4 Nf6 2. c4 g6 3. Nc3 Bg7 4. e4 d6 5. Nge2 O-O 6. f3 a6 7. Ng3 Nc6 8. d5
Ne5 9. f4 Ned7 10. Be3 c6 11. Be2 cxd5 12. cxd5 b5 13. a3 h5 14. Bd4 Nc5 15.
Bf3 Bg4 16. O-O Bxf3 17. gxf3 e6 18. b4 Ncd7 19. dxe6 fxe6 20. Qb3 d5 21. exd5
Nxd5 22. Bxg7 Qb6+ 23. Kh1 Kxg7 24. Nxd5 exd5 25. Qxd5 Nf6 26. Qg5 Kh7 27. Rad1
Ra7 28. f5 Rg7 29. Rde1 Re8 30. Rxe8 Nxe8 31. Re1 Nc7 32. f6 Rf7 33. Ne4 Ne6
34. Qe5 Kh8 35. Nd6 1-0

[Event "Madrid-ch 2020-2021 - Final"]
[Site "Madrid ESP"]
[Date "2021.05.26"]
[Round "5.9"]
[White "Perez Gonzalez, Daniel"]
[Black "Fernandez Rosado, Roberto"]
[Result "1/2-1/2"]
[WhiteElo "2056"]
[BlackElo "2029"]
[PlyCount "73"]
[EventDate "2021.05.22"]
[EventType "swiss"]
[EventRounds "7"]
[EventCountry "ESP"]
[SourceTitle "Ajedrez en Madrid"]
[Source "lmi"]
[SourceDate "2021.05.23"]
[SourceVersion "1"]
[SourceVersionDate "2021.05.29"]
[SourceQuality "1"]

1. d4 d5 2. Bf4 c5 3. Nc3 Nc6 4. e4 cxd4 5. exd5 dxc3 6. dxc6 Qxd1+ 7. Rxd1
bxc6 8. Bc7 Bb7 9. bxc3 g6 10. Rb1 Bc8 11. Nf3 Bg7 12. Nd4 Bxd4 13. cxd4 Nf6
14. Bd3 O-O 15. O-O Nd5 16. Be5 a5 17. a3 Bf5 18. Bxf5 gxf5 19. c4 Nc3 20. Rbe1
f6 21. Bf4 Kf7 22. Re3 Ne4 23. Rfe1 Rfe8 24. f3 Nd6 25. Bxd6 exd6 26. Rxe8 Rxe8
27. Rxe8 Kxe8 28. Kf2 f4 29. Ke2 c5 30. Kd3 f5 31. g4 fxg3 32. hxg3 h5 33. dxc5
dxc5 34. Ke3 Kf7 35. Kf4 Kf6 36. a4 Kg6 37. Ke3 1/2-1/2

[Event "Madrid-ch 2020-2021 - Final"]
[Site "Madrid ESP"]
[Date "2021.05.26"]
[Round "5.10"]
[White "Neagu, Roberto Florin"]
[Black "Demerson Joly, Javier"]
[Result "1-0"]
[WhiteElo "1881"]
[BlackElo "1959"]
[PlyCount "57"]
[EventDate "2021.05.22"]
[EventType "swiss"]
[EventRounds "7"]
[EventCountry "ESP"]
[SourceTitle "Ajedrez en Madrid"]
[Source "lmi"]
[SourceDate "2021.05.23"]
[SourceVersion "1"]
[SourceVersionDate "2021.05.29"]
[SourceQuality "1"]

1. c4 e5 2. Nc3 Nc6 3. Nf3 g6 4. d4 exd4 5. Nxd4 Bg7 6. e3 Nge7 7. g3 d6 8. Bg2
O-O 9. O-O Re8 10. Nde2 Rb8 11. b3 a6 12. Bb2 b5 13. cxb5 axb5 14. Rc1 Bb7 15.
Qd2 b4 16. Na4 Ne5 17. e4 Ba6 18. Rcd1 Bb5 19. f4 Bh6 20. Ba1 f6 21. Qb2 Nd7
22. Bh3 Bg7 23. Rfe1 Nf8 24. Nc5 Bxe2 25. Rxe2 Rb5 26. Ne6 Nxe6 27. Bxe6+ Kh8
28. Bc4 Ra5 29. Qxf6 1-0

[Event "Madrid-ch 2020-2021 - Final"]
[Site "Madrid ESP"]
[Date "2021.05.26"]
[Round "5.11"]
[White "Rojas Pozo, Jose Luis"]
[Black "Cabañas Bravo, Juan Andres"]
[Result "1/2-1/2"]
[WhiteElo "1875"]
[BlackElo "1948"]
[PlyCount "90"]
[EventDate "2021.05.22"]
[EventType "swiss"]
[EventRounds "7"]
[EventCountry "ESP"]
[SourceTitle "Ajedrez en Madrid"]
[Source "lmi"]
[SourceDate "2021.05.23"]
[SourceVersion "1"]
[SourceVersionDate "2021.05.29"]
[SourceQuality "1"]

1. d4 Nf6 2. c4 c5 3. e3 g6 4. Nc3 Bg7 5. Nf3 O-O 6. Be2 d5 7. O-O cxd4 8. Nxd4
e5 9. Nf3 e4 10. Nd4 dxc4 11. Bxc4 a6 12. a4 Qc7 13. Be2 Nbd7 14. Qc2 Nc5 15.
b4 Ne6 16. Qb3 Nxd4 17. exd4 Be6 18. Qa3 Rac8 19. Bb2 Bg4 20. h3 Bxe2 21. Nxe2
Nd5 22. Rac1 Qb6 23. Nc3 Nxb4 24. a5 Qd6 25. Nxe4 Qe7 26. Bc3 Qxe4 27. Qxb4
Rfd8 28. Rfe1 Qd5 29. Red1 Rc4 30. Qb2 Rdc8 31. Qa1 Bh6 32. Bd2 Bxd2 33. Rxc4
Qxc4 34. Rxd2 Qc1+ 35. Qxc1 Rxc1+ 36. Kh2 Ra1 37. Rb2 Rxa5 38. Rxb7 Rd5 39. Ra7
a5 40. g4 g5 41. Kg3 h6 42. h4 Rxd4 43. Rxa5 Rd3+ 44. Kg2 gxh4 45. Rh5 Kg7
1/2-1/2

[Event "Madrid-ch 2020-2021 - Final"]
[Site "Madrid ESP"]
[Date "2021.05.27"]
[Round "6.1"]
[White "Martinez Fernandez, Raul"]
[Black "Martin Duque, Jesus"]
[Result "0-1"]
[WhiteElo "2141"]
[BlackElo "2432"]
[PlyCount "56"]
[EventDate "2021.05.22"]
[EventType "swiss"]
[EventRounds "7"]
[EventCountry "ESP"]
[SourceTitle "Ajedrez en Madrid"]
[Source "lmi"]
[SourceDate "2021.05.23"]
[SourceVersion "1"]
[SourceVersionDate "2021.05.29"]
[SourceQuality "1"]

1. e4 c6 2. Nc3 d5 3. Nf3 dxe4 4. Nxe4 Nf6 5. Nxf6+ exf6 6. d4 Bd6 7. Be2 O-O
8. O-O Re8 9. c4 Nd7 10. c5 Bc7 11. b4 Nf8 12. Bc4 Be6 13. Qb3 Qd7 14. a4 Rad8
15. Be3 Bxc4 16. Qxc4 Ng6 17. b5 Ne7 18. Ne1 Nd5 19. Nc2 Re4 20. Rae1 Bb8 21.
f3 Rh4 22. g3 Qh3 23. Re2 Nxe3 24. Nxe3 Rhxd4 25. Qc2 g6 26. Ng4 Kg7 27. Re7
Rd2 28. Nf2 Qxf1+ 0-1

[Event "Madrid-ch 2020-2021 - Final"]
[Site "Madrid ESP"]
[Date "2021.05.27"]
[Round "6.2"]
[White "Martinez Reyes, Pedro Ramon"]
[Black "Ortega Ruiz, Jose Miguel"]
[Result "1-0"]
[WhiteElo "2408"]
[BlackElo "2253"]
[PlyCount "83"]
[EventDate "2021.05.22"]
[EventType "swiss"]
[EventRounds "7"]
[EventCountry "ESP"]
[SourceTitle "Ajedrez en Madrid"]
[Source "lmi"]
[SourceDate "2021.05.23"]
[SourceVersion "1"]
[SourceVersionDate "2021.05.29"]
[SourceQuality "1"]

1. e4 e5 2. Nf3 Nc6 3. Bb5 a6 4. Ba4 Nf6 5. Bxc6 dxc6 6. d3 Bd6 7. Nbd2 Be6 8.
b3 Nd7 9. O-O Qe7 10. Bb2 f6 11. Nc4 O-O-O 12. Nxd6+ Qxd6 13. d4 Bg4 14. dxe5
Qxd1 15. Raxd1 Bxf3 16. gxf3 Nxe5 17. Kg2 Rhe8 18. f4 Ng6 19. Kf3 Nh4+ 20. Kg3
Ng6 21. f3 c5 22. h4 h5 23. f5 Ne7 24. Kf4 Nc6 25. Rxd8+ Kxd8 26. Rd1+ Ke7 27.
Rd5 b6 28. e5 Rd8 29. Rxd8 Nxd8 30. Ke4 c6 31. Bc1 Nb7 32. Bf4 Kd7 33. a4 a5
34. e6+ Ke7 35. Bc7 Nd6+ 36. Bxd6+ Kxd6 37. f4 b5 38. Kd3 Kc7 39. Kc3 Kd6 40.
Kb2 Kc7 41. axb5 cxb5 42. Ka3 1-0

[Event "Madrid-ch 2020-2021 - Final"]
[Site "Madrid ESP"]
[Date "2021.05.27"]
[Round "6.3"]
[White "Moreno Ruiz, Javier"]
[Black "Mkrtchyan, Levon"]
[Result "1/2-1/2"]
[WhiteElo "2426"]
[BlackElo "2230"]
[PlyCount "132"]
[EventDate "2021.05.22"]
[EventType "swiss"]
[EventRounds "7"]
[EventCountry "ESP"]
[SourceTitle "Ajedrez en Madrid"]
[Source "lmi"]
[SourceDate "2021.05.23"]
[SourceVersion "1"]
[SourceVersionDate "2021.05.29"]
[SourceQuality "1"]

1. e4 e6 2. d4 d5 3. Nd2 Be7 4. Ngf3 dxe4 5. Nxe4 Nf6 6. Bd3 Nbd7 7. Qe2 O-O 8.
Bd2 b6 9. O-O-O Bb7 10. Rhe1 Nxe4 11. Bxe4 Bxe4 12. Qxe4 Nf6 13. Qc6 Qd6 14.
Ne5 Qxd4 15. Nxf7 Qd5 16. Ne5 Qxa2 17. c4 Bd6 18. Bc3 Rae8 19. Kc2 Qa6 20. Ra1
Qc8 21. Rxa7 Re7 22. f3 Qe8 23. Qxe8 Rexe8 24. b4 Ra8 25. Rea1 Rxa7 26. Rxa7
Rc8 27. Kb3 b5 28. cxb5 Nd5 29. Nc6 Bxh2 30. b6 cxb6 31. Ne7+ Nxe7 32. Rxe7 Rc7
33. Rxc7 Bxc7 34. Kc4 g5 35. Kb5 g4 36. fxg4 Kf7 37. Kc6 Bf4 38. Kxb6 e5 39.
Kc5 Ke6 40. Kc4 e4 41. Bd4 Kd6 42. Bc5+ Ke5 43. b5 Kf6 44. Kd4 Kg5 45. Kxe4
Kxg4 46. Bf2 Bc7 47. Bd4 h5 48. Be5 Bb6 49. Kd5 h4 50. Kc6 Be3 51. Bc7 Bd4 52.
Kd5 Be3 53. Ke4 Bc5 54. Kd3 Ba7 55. Be5 Bb6 56. Bd4 Bc7 57. Ke2 Ba5 58. Kf2 Bc7
59. Kg1 h3 60. gxh3+ Kxh3 61. Kf2 Kg4 62. Ke3 Kf5 63. Kd3 Ke6 64. Kc4 Kd7 65.
Kd5 Ba5 66. Be5 Bb6 1/2-1/2